Statistics for Cricket: Bowlers Edition

Click here to take the quiz!

General Stats

  • This quiz has been taken 7 times
  • The average score is 5 of 8

Answer Stats

Answer% Correct
Glenn McGrath
100%
Shane Warne
100%
Mitchell Starc
67%
Muttiah Muralitharan
67%
Wasim Akram
67%
Anil Kumble
50%
Merv Hughes
50%
Shane Bond
33%

Score Distribution

Percentile by Number Answered

Percent of People with Each Score

Your Score History

You have not taken this quiz